1596 1297 1903 1313 1417 1606 1700 1195 1494 1817 1804 1465 1014 1257 1504 1223 1322 1784 1823 1942 1506 1719 1088 1887 1199 1440 1631 1298 1071 1937 1081 1674 1681 1627 1554 1745 1116 1266 1376 1787 1858 1579 1132 1133 1433 1779 1230 1917 1910 1415 1113 1525 1622 1435 1944 1575 1449 1289 1031 1785 1492 1980 1015 1634 1440 1389 1208 1784 1705 1829 1440 1450 1558 1471 1161 1054 1820 1376 1930 1761 1057 1925 1064 1096 1927 1418 1328 1256 1608 1476 1985 1422 1565 1640 1808 1866 1551 1131 1498 BCNSPRNW ULIB Ver.6.0+V

เปลี่ยนเป็นภาษาไทย

Change to English
 แสดงรายละเอียดบรรณานุกรม
  กลับหน้าหลัก

Brief Record : Get Marc (ISO 2709) : E-mail record : QR code < ปิดหน้าต่าง
LEADER : 00000nam 2200000uu 4500
001    13399124099
003     ULIB
008    150118s2553||||th 000 0 tha d
020    ^a9789749755815 ล.2
060 04 ^aWY20.5^bอ884 ล.2
245 00 ^aเอกสารการสอนชุดวิชาสารสนเทศและการวิจัยทางการพยาบาลหน่วยที่ 9-15 =^bNursing informatics and nursing research /^cสาขาวิชาพยาบาลศาสตร์ มหาวิทยาลัยสุโขทัยธรรมาธิราช
246 30 ^aสารสนเทศและการวิจัยทางการพยาบาล
246 31 ^aNursing informatics and nursing research
250    ^aพิมพ์ครั้งที่ 9
260    ^aนนทบุรี :^bสำนักพิมพ์มหาวิทยาลัยสุโขทัยธรรมาธิราช,^c2553
300    ^a2 เล่ม :^bภาพประกอบ ;^c2553
500    ^a^"เอกสารการสอนชุดวิชา 51206 หน่วยที่ 1-8, 9-15^"--หน้าปกใน
500    ^aสิ่งพิมพ์ของมหาวิทยาลัยสุโขทัยธรรมาธิราชสาขาวิชาพยาบาลศาสตร์
650  7 ^aการพยาบาล^xวิจัย
650  7 ^aสารสนเทศทางการพยาบาล
710 2  ^aมหาวิทยาลัยสุโขทัยธรรมาธิราช. ^bสาขาวิชาพยาบาลศาสตร์
945    ^p265^l0^i038297
945    ^p265^l0^i038298
945    ^p265^l0^i038299
945    ^p265^l0^i038300
945    ^p265^l0^i038301
945    ^p265^l0^i038302
945    ^p265^l0^i038303
945    ^p265^l0^i038304
945    ^p265^l0^i038305
945    ^p265^l0^i038306
999    ^aเกษร โพธิ์สุวรรณ
รายการนี้ยังไม่มีแท็ก
คุณยังไม่ได้ล็อกอิน คุณสามารถมีกิจกรรมร่วมกับเว็บไซต์ได้ แต่ต้องล็อกอินก่อน ::
  ล็อกอิน

รายการสื่อสารสนเทศ

ลำดับที่ ประเภท เลขเรียก/บาร์โค้ด สถานที่ สถานะ
1. วิทยาศาสตร์การแพทย์ และสุขภาพ
หนังสือสำรอง
สถานะ=หนังสือสำรอง
WY20.5 อ884 ล.2 ฉ.1 
  Barcode: 038297
ห้องสมุดวิทยาเขตสวรรค์ประชารักษ์
►ส่วนจัดเก็บหนังสือเก่า สปร
บนชั้น
  ขอยืม
2. วิทยาศาสตร์การแพทย์ และสุขภาพ
วิทยาศาสตร์การแพทย์ และสุขภาพ
WY20.5 อ884 ล.2 ฉ.10 
  Barcode: 038306
ห้องสมุดวิทยาเขตสวรรค์ประชารักษ์
►ส่วนจัดเก็บหนังสือเก่า สปร
บนชั้น
  ขอยืม
3. วิทยาศาสตร์การแพทย์ และสุขภาพ
วิทยาศาสตร์การแพทย์ และสุขภาพ
WY20.5 อ884 ล.2 ฉ.2 
  Barcode: 038298
ห้องสมุดวิทยาเขตสวรรค์ประชารักษ์
►ส่วนจัดเก็บหนังสือเก่า สปร
บนชั้น
  ขอยืม
4. วิทยาศาสตร์การแพทย์ และสุขภาพ
วิทยาศาสตร์การแพทย์ และสุขภาพ
WY20.5 อ884 ล.2 ฉ.3 
  Barcode: 038299
ห้องสมุดวิทยาเขตสวรรค์ประชารักษ์
►ส่วนจัดเก็บหนังสือเก่า สปร
บนชั้น
  ขอยืม
5. วิทยาศาสตร์การแพทย์ และสุขภาพ
วิทยาศาสตร์การแพทย์ และสุขภาพ
WY20.5 อ884 ล.2 ฉ.4 
  Barcode: 038300
ห้องสมุดวิทยาเขตสวรรค์ประชารักษ์
►ส่วนจัดเก็บหนังสือเก่า สปร
บนชั้น
  ขอยืม
6. วิทยาศาสตร์การแพทย์ และสุขภาพ
วิทยาศาสตร์การแพทย์ และสุขภาพ
WY20.5 อ884 ล.2 ฉ.5 
  Barcode: 038301
ห้องสมุดวิทยาเขตสวรรค์ประชารักษ์
►ส่วนจัดเก็บหนังสือเก่า สปร
บนชั้น
  ขอยืม
7. วิทยาศาสตร์การแพทย์ และสุขภาพ
วิทยาศาสตร์การแพทย์ และสุขภาพ
WY20.5 อ884 ล.2 ฉ.6 
  Barcode: 038302
ห้องสมุดวิทยาเขตสวรรค์ประชารักษ์
►ส่วนจัดเก็บหนังสือเก่า สปร
บนชั้น
  ขอยืม
8. วิทยาศาสตร์การแพทย์ และสุขภาพ
วิทยาศาสตร์การแพทย์ และสุขภาพ
WY20.5 อ884 ล.2 ฉ.7 
  Barcode: 038303
ห้องสมุดวิทยาเขตสวรรค์ประชารักษ์
►ส่วนจัดเก็บหนังสือเก่า สปร
บนชั้น
  ขอยืม
9. วิทยาศาสตร์การแพทย์ และสุขภาพ
วิทยาศาสตร์การแพทย์ และสุขภาพ
WY20.5 อ884 ล.2 ฉ.8 
  Barcode: 038304
ห้องสมุดวิทยาเขตสวรรค์ประชารักษ์
►ส่วนจัดเก็บหนังสือเก่า สปร
บนชั้น
  ขอยืม
10. วิทยาศาสตร์การแพทย์ และสุขภาพ
วิทยาศาสตร์การแพทย์ และสุขภาพ
WY20.5 อ884 ล.2 ฉ.9 
  Barcode: 038305
ห้องสมุดวิทยาเขตสวรรค์ประชารักษ์
►ส่วนจัดเก็บหนังสือเก่า สปร
บนชั้น
  ขอยืม

รายการใกล้เคียง
    หัวเรื่อง [สารสนเทศทางการพยาบาล]

BibComment


ยังไม่เคยถูกคอมเมนท์

คอมเมนท์ทรัพยากรรายการนี้
  คอมเมนท์: เอกสารการสอนชุดว..


 Copyright 2026. Bcnsprnw @Library